00415nam a2200157Ia 45000010006000000050017000060080041000230410008000640820018000721000025000902450089001152600009002043000028002136500008002416540008002491087920260306161904.0260306t2007||||xx |||||||||||||| ||spa|| aESP a980bL12 2007 aMc Evoy, CarmeneAUT 0aLa república peregrina:bhombres de armas y letras en América del Sur. 1800-1884 c2007 a562 páginas :c23 cm. aGEN aCHU